El mundo que he vivido / (Registro nro. 6751)
[ vista simple ]
| 000 -CABECERA | |
|---|---|
| campo de control de longitud fija | 00522cam a2200157 i 4500 |
| 001 - NÚMERO DE CONTROL | |
| campo de control | 000006967 |
| 005 - FECHA Y HORA DE LA ÚLTIMA TRANSACCIÓN | |
| campo de control | 20200929154032.0 |
| 008 - DATOS DE LONGITUD FIJA--INFORMACIÓN GENERAL | |
| campo de control de longitud fija | 751211s1975 sp a 000 0 spa |
| 020 ## - NÚMERO INTERNACIONAL ESTÁNDAR DEL LIBRO | |
| Número Internacional Estándar del Libro | 8434302187 |
| 040 ## - FUENTE DE LA CATALOGACIÓN | |
| Centro catalogador/agencia de origen | DO-SdBNP |
| Lengua de catalogación | spa |
| Centro/agencia transcriptor | BNPHU |
| 100 1# - ENTRADA PRINCIPAL--NOMBRE DE PERSONA | |
| Nombre de persona | Lacalle, Jose Ma. |
| Forma completa/desarrollada del nombre | (Jose Maria), |
| Fechas asociadas al nombre | 1929- |
| 9 (RLIN) | 19361 |
| 245 13 - MENCIÓN DE TÍTULO | |
| Título | El mundo que he vivido / |
| Mención de responsabilidad, etc. | Jose Ma. Lacalle ; revision y prólogo por Manuel Grimalt. |
| 260 ## - PUBLICACIÓN, DISTRIBUCIÓN, ETC. | |
| Lugar de publicación, distribución, etc. | Barcelona : |
| Nombre del editor, distribuidor, etc. | Ediciones Poligrafa, |
| Fecha de publicación, distribución, etc. | 1975. |
| 300 ## - DESCRIPCIÓN FÍSICA | |
| Extensión | 469 p. : |
| Otras características físicas | il. ; |
| Dimensiones | 25 cm. |
| 700 12 - PUNTO DE ACCESO ADICIONAL--NOMBRE DE PERSONA | |
| Nombre de persona | Grimalt., Manuel |
| 9 (RLIN) | 19362 |
| Estado de retiro | Estado de pérdida | Restricciones de uso | No para préstamo | Código de colección | Localización permanente | Ubicación/localización actual | Ubicación en estantería | Fecha de adquisición | Número de inventario | Total de préstamos | Signatura topográfica completa | Código de barras | Fecha visto por última vez | Precio válido a partir de | Tipo de ítem Koha |
|---|---|---|---|---|---|---|---|---|---|---|---|---|---|---|---|
| Préstamo interno | Préstamo restrigido | Monografías: Libros y Folletos | General | General | En encuadernación | 03.09.2009 | LF1 | 6967-10 | 25.06.2020 | 25.06.2020 | Préstamo interno |
